000 01664nam0a2200313 4500
001 RU\NLR\BIBL_A\022522311
005 20260420043136.0
010 _a978-5-8170-0459-5
_9500
021 _aRU
_bКН-П-25-011369
_9КН-П-25-1150
035 _a(NLR Aleph) 022522311
090 _a13671643
_c13671643
100 _a20250415d2025 k y0rusy50 ca
101 0 _arus
102 _aRU
105 _aa|||z|||000yy
181 0 _ai3
_baxxe
182 0 _an
200 1 _aГотовность будущих педагогов к работе в условиях образовательной инклюзии
_eмонография
_fО. В. Карынбаева
_gМинобрнауки России, Федеральное государственное бюджетное образовательное учреждение высшего образования "Приамурский государственный университет имени Шолом-Алейхема"
203 _aТекст
_bвизуальный
_cнепосредственный
210 _aБиробиджан
_cПГУ им. Шолом-Алейхема
_d2025
215 _a48 с.
_cтабл.
_d21
320 _aБиблиогр.: с. 40-46 (92 назв.)
606 1 _aПедагоги
_xПодготовка к работе с детьми с ограниченными возможностями здоровья
_92533217
_3RU\NLR\AUTH\6601714034
686 1 _aЧ489.518.2
700 1 _aКарынбаева
_bО. В.
_gОльга Владимировна
942 _cBOOK
980 _aNB